000 00304nam a22001457a 4500
008 230524b ||||| |||| 00| 0 eng d
020 _a9782501052962
041 _aFRA
080 _a82
082 _a82HAM
100 _a38
101 _aGJL
245 _aLA MYTHOLOGIE
_cHAMILTON.E
942 _2udc
_cBK
999 _c59843
_d59843